Elán mesačník pre literatúru a umenie

Bibliographic Details
Other Authors: Smrek, Ján, 1898-1982 (Iso)
Format: Newspaper
Language:Slovak
PhysicalDescription:16 zv. 41-47 cm
Published: Praha Leopold Mazáč 1930-1947
Bratislava Spolok slovenských spisovateľov Ján Čietek Smrek
Bratislava Ján Čietek Smrek
ISSN:1337-3501
Subjects:

MARC

LEADER 00000cas a2200000 a 4500
001 vtls010301212
003 SK-MaSNL
005 20260228161534.0
008 200401d19301947xr mr|n 0 b0slo
022 |a 1337-3501 
040 |a SNK  |b slo  |c SNK  |e AACR2 
041 0 |a slo 
044 |a xr  |c CZ  |a xo  |c SK 
072 7 |a 82  |x Literatúra. Literárny život  |2 konspekt 
080 |a 82  |2 2011 
080 |a 82.0  |2 2011 
080 |a 050  |2 2001 
080 |a 82(051)  |2 2011 
210 0 |a Elán 
222 0 |a Elán 
245 0 0 |a Elán  |b mesačník pre literatúru a umenie 
260 |a Praha  |b Leopold Mazáč  |c 1930-1947 
260 2 |3 1/1939-10/1940  |a Bratislava  |b Spolok slovenských spisovateľov  |b Ján Čietek Smrek 
260 3 |3 1/1940-1947  |a Bratislava  |b Ján Čietek Smrek 
300 |a 16 zv.  |c 41-47 cm 
310 |a 1x mesačne 
362 0 |a Roč. I, č. 1 (sept. 1930)-roč. XIV, č. 10 (1944) ; roč. XV, č. 1 (jan. 1946)-roč. XVI, č. 6 (28.2.1947) 
500 |a Zmena podnázvu: r. 1939/40 mesačník pre literatúru a umenie : orgán Spolku slovenských spisovateľov ; od 1/1946 orgán Spolku slovenských knihovníkov 
500 |a Od 1/1939 rozmer zv. 47 cm 
500 |a Zodp. red.: Ján Čietek Smrek, od 1/1939 ako red. - v tiráži ako zodp. red., od 1/1940 opäť zodp. red. ; od 1/1946 red. Ján Smrek 
500 |a Tlač.: Jaromír Dolanský, Praha ; od 1/1939 Universum, Bratislava 
500 |a V tiráži: od 1/1946 mesačník, literárny a umelecký orgán Spolku slovenských spisovateľov 
650 0 7 |a literatúra  |2 SNKPH  |9 1427 
650 0 7 |a literárna veda  |2 SNKPH  |9 1137 
655 7 |a literárne časopisy  |2 SNKPH  |9 125450 
700 1 |a Smrek, Ján,  |d 1898-1982  |4 Iso  |4 red  |9 106970 
852 |a Štátna vedecká knižnica v Banskej Bystrici 
910 |a snk 
916 |a 1930-1944, 1946-1947 
999 |c 5692  |d 7622 
952 |0 0  |1 0  |4 0  |7 0  |a SNK  |b SNK  |d 2010-10-12  |f 1  |l 0  |o snkČSA 117/14/1943-44  |p 17A0172778  |r 2026-02-21 19:55:26  |t č. 1-10  |w 2026-02-21  |y PREZ 
952 |0 0  |1 0  |4 0  |7 7  |8 5  |a SNK  |b SNK  |d 2017-01-13  |i snkF 2697/70  |l 0  |o snkČSA 117/10/1939-40 D4  |p 17A1203956  |r 2026-02-21 19:57:34  |t č. 1-10, neúplné  |w 2026-02-21  |y PREZ  |z Chýba č. 3,5,6,7 
952 |0 0  |1 0  |4 0  |7 0  |8 5  |a SNK  |b SNK  |d 2006-11-23  |i snkF 1452/68  |l 0  |o snkČSA 117/13/1942-43 D1  |p 17A1203954  |r 2026-02-21 20:04:51  |t č. 1-10  |w 2026-02-21  |y PREZ 
952 |0 0  |1 0  |4 0  |7 7  |8 5  |a SNK  |b SNK  |d 2006-11-24  |i snkXI. 3725/55  |l 0  |o snkČSA 117/14/1943-44 D3  |p 17A0648811  |r 2026-02-21 20:05:06  |t č. 1-10  |w 2026-02-21  |y PREZ 
952 |0 0  |1 0  |4 0  |7 0  |8 5  |a SNK  |b SNK  |d 2006-11-24  |i snkF 1444/68  |l 0  |o snkČSA 117/14/1943-44 D2  |p 17A0124931  |r 2026-02-21 20:05:06  |t č. 1-10  |w 2026-02-21  |y PREZ 
952 |0 0  |1 0  |4 0  |7 7  |8 5  |a SNK  |b SNK  |d 2006-11-24  |i snkF 1445/68  |l 0  |o snkČSA 117/14/1943-44 D4  |p 17A0205081  |r 2026-02-21 20:05:06  |t č. 1-10  |w 2026-02-21  |y PREZ 
952 |0 0  |1 0  |4 0  |7 0  |8 5  |a SNK  |b SNK  |d 2006-11-24  |i snkXI. 3723/55  |l 0  |o snkČSA 117/15/1946 D2  |p 17A0255354  |r 2026-02-21 20:05:06  |t č. 1-10  |w 2026-02-21  |y PREZ 
952 |0 0  |1 0  |4 0  |7 0  |8 5  |a SNK  |b SNK  |d 2006-11-24  |i snkF 2698/70  |l 0  |o snkČSA 117/15/1946 D4  |p 17A0169712  |r 2026-02-21 20:05:10  |t č. 1-10  |w 2026-02-21  |y PREZ 
952 |0 0  |1 0  |4 0  |7 0  |a SNK  |b SNK  |d 2006-11-24  |i snk 112/48  |l 0  |o snkČSA 117/16/1946-47 D2  |p 17A0034858  |r 2026-02-21 20:05:10  |t č. 1-6  |w 2026-02-21  |y PREZ 
952 |0 0  |1 0  |4 0  |7 7  |a SNK  |b SNK  |d 2006-11-24  |l 0  |o snkČSA 117/16/1946-47 D3  |p 17A0217072  |r 2026-02-21 20:05:10  |t č. 1-6  |w 2026-02-21  |y PREZ 
952 |0 0  |1 0  |4 0  |7 0  |8 5  |a SNK  |b SNK  |d 2006-11-24  |f 1  |i snkF 3028/68  |l 0  |o snkČSA 117/16/1946-47  |p 17A0169738  |r 2026-02-21 20:05:10  |t č. 1-6  |w 2026-02-21  |y PREZ 
952 |0 0  |1 0  |4 0  |7 0  |8 5  |a SNK  |b SNK  |d 2006-11-24  |i snkXI. 3712/55  |l 0  |o snkČSA 117/3/1932-33 D1  |p 17A0243971  |r 2026-02-21 20:05:10  |t č. 1-10  |w 2026-02-21  |y PREZ 
952 |0 0  |1 0  |4 0  |7 0  |a SNK  |b SNK  |d 2006-11-24  |f 1  |l 0  |o snkČSA 117/11/1940-41  |p 17A0176432  |r 2026-02-21 20:05:10  |t č. 1-10  |w 2026-02-21  |y PREZ 
952 |0 0  |1 0  |4 0  |7 0  |a SNK  |b SNK  |d 2006-11-24  |l 0  |o snkČSA 117/11/1940-41 D2  |p 17A0040915  |r 2026-02-21 20:05:10  |t č. 1-10  |w 2026-02-21  |y PREZ 
952 |0 0  |1 0  |4 0  |7 7  |a SNK  |b SNK  |d 2006-11-24  |l 0  |o snkČSA 117/12/1941-42 D3  |p 17A0425006  |r 2026-02-21 20:05:10  |t č. 1-12, neúplné  |w 2026-02-21  |y PREZ  |z Chýba č. 1-5 
952 |0 0  |1 0  |4 0  |7 0  |8 5  |a SNK  |b SNK  |d 2006-11-24  |i snkXI. 3711/55  |l 0  |o snkČSA 117/2/1931-32 D2  |p 17A0433429  |r 2026-02-21 20:05:11  |t č. 1-10  |w 2026-02-21  |y PREZ 
952 |0 0  |1 0  |4 0  |7 0  |a SNK  |b SNK  |d 2002-04-17  |f 1  |i snk 932/43  |l 0  |o snkČSA 117/13/1942-43  |p 17A0040914  |r 2005-01-02 00:00:00  |t č. 1-10  |w 2026-02-21  |y PREZ 
952 |0 0  |1 0  |4 0  |7 7  |a SNK  |b SNK  |d 2002-04-16  |i snk 2714/32  |l 0  |o snkČSA 117/2/1931-32 D3  |p 17A0056476  |r 2005-01-02 00:00:00  |t č. 1-10  |w 2026-02-21  |y PREZ 
952 |0 0  |1 0  |4 0  |7 0  |a SNK  |b SNK  |d 2006-08-02  |i snk 255/37  |l 0  |o snkČSA 117/6/1935-36 D1  |p 17A0515761  |r 2026-02-21 20:08:44  |t č. 1-10  |w 2026-02-21  |y PREZ 
952 |0 0  |1 0  |4 0  |7 0  |8 5  |a SNK  |b SNK  |d 2017-01-16  |i snkXI. 3722/53  |l 0  |o snkČSA 117/14/1943-44 D1  |p 17A1203953  |r 2026-02-21 20:13:32  |t č. 1-10  |w 2026-02-21  |y PREZ 
952 |0 0  |1 0  |4 0  |7 7  |a SNK  |b SNK  |d 2017-01-16  |l 0  |o snkČSA 117/11/1940-41 D5  |p 17A1203955  |r 2026-02-21 20:13:33  |t č. 1-10, neúplné  |w 2026-02-21  |y PREZ  |z Chýba č. 8 
952 |0 0  |1 0  |3 rekatalogizácia  |4 0  |7 0  |a SNK  |b SNK  |d 2007-01-22  |l 0  |o snkČSA 117/4/1933-34 D2  |p 17A0536186  |r 2026-02-21 20:14:12  |t č. 1-10, neúplný  |w 2026-02-21  |y PREZ  |z Chýba č. 5 
952 |0 0  |1 0  |4 0  |7 7  |a SNK  |b SNK  |d 2006-11-24  |i snk 19/47  |l 0  |o snkČSA 117/15/1946 D5  |p 17A0157257  |r 2026-02-21 20:14:42  |t č. 1-10  |w 2026-02-21  |y PREZ 
952 |0 0  |1 0  |4 0  |7 0  |a SNK  |b SNK  |d 2002-04-17  |f 1  |i snk 363/39  |l 0  |o snkČSA 117/7/1936-37  |p 17A0091976  |r 2005-01-02 00:00:00  |t č. 1-10  |w 2026-02-21  |y PREZ 
952 |0 0  |1 0  |4 0  |7 0  |a SNK  |b SNK  |d 2013-03-19  |i snkXI. 3710/55  |l 0  |o snkČSA 117/1/1930-31 D1  |p 17A1050884  |r 2026-02-21 20:24:08  |t č. 1-10  |w 2026-02-21  |y PREZ 
952 |0 0  |1 0  |4 0  |7 0  |a SNK  |b SNK  |d 2008-09-12  |f 1  |l 0  |o snkČSA 117/10/1939-40  |p 17A0132067  |r 2026-02-21 20:28:55  |t č. 1-10  |w 2026-02-21  |y PREZ 
952 |0 0  |1 0  |4 0  |7 0  |8 5  |a SNK  |b SNK  |d 1997-10-01  |i snkF 3027/68  |l 0  |o snkČSA 117/15/1946 D1  |p 17A0097548  |r 2005-01-02 00:00:00  |t č. 1-10  |w 2026-02-21  |y PREZ 
952 |0 0  |1 0  |4 0  |7 0  |8 3  |a SNK  |b SNK  |d 2012-09-27  |i snkK 2007/60  |l 0  |o snkČSA 117/8/1937-38 D2  |p 17A0888492  |r 2026-02-21 20:40:54  |t č. 1-10  |w 2026-02-21  |y PREZ 
952 |0 0  |1 0  |4 0  |7 0  |8 5  |a SNK  |b SNK  |d 2002-04-17  |i snkF 216/68  |l 0  |o snkČSA 117/6/1935-36 D2  |p 17A0121941  |r 2005-01-02 00:00:00  |t č. 1-10  |w 2026-02-21  |y PREZ 
952 |0 0  |1 0  |4 0  |7 7  |8 5  |a SNK  |b SNK  |d 2002-04-17  |i snkXI. 3716/55  |l 0  |o snkČSA 117/7/1936-37 D3  |p 17A0121940  |r 2005-01-02 00:00:00  |t č. 1-10  |w 2026-02-21  |y PREZ 
952 |0 0  |1 0  |4 0  |7 0  |8 3  |a SNK  |b SNK  |d 2002-04-17  |i snkK 2006/60  |l 0  |o snkČSA 117/7/1936-37 D2  |p 17A0073072  |r 2005-01-02 00:00:00  |t č. 1-10  |w 2026-02-21  |y PREZ 
952 |0 0  |1 0  |4 0  |7 0  |a SNK  |b SNK  |d 2002-04-17  |f 1  |i snk 90/39  |l 0  |o snkČSA 117/8/1937-38  |p 17A0051841  |r 2005-01-02 00:00:00  |t č. 1-10  |w 2026-02-21  |y PREZ 
952 |0 0  |1 0  |4 0  |7 0  |8 5  |a SNK  |b SNK  |d 2002-04-17  |i snkXI. 3717/55  |l 0  |o snkČSA 117/8/1937-38 D1  |p 17A0217248  |r 2005-01-02 00:00:00  |t č. 1-10  |w 2026-02-21  |y PREZ 
952 |0 0  |1 0  |4 0  |7 7  |8 5  |a SNK  |b SNK  |d 2002-04-17  |i snkF 215/68  |l 0  |o snkČSA 117/8/1937-38 D4  |p 17A0254431  |r 2005-01-02 00:00:00  |t č. 1-10  |w 2026-02-21  |y PREZ 
952 |0 0  |1 0  |4 0  |7 0  |a SNK  |b SNK  |d 2002-04-17  |l 0  |o snkČSA 117/9/1938-39 D1  |p 17A0031714  |r 2005-01-02 00:00:00  |t č. 1-10  |w 2026-02-21  |y PREZ 
952 |0 0  |1 0  |4 0  |7 0  |a SNK  |b SNK  |d 2002-04-17  |f 1  |i snk 1018/40  |l 0  |o snkČSA 117/9/1938-39  |p 17A0217252  |r 2005-01-02 00:00:00  |t č. 1-10  |w 2026-02-21  |y PREZ 
952 |0 0  |1 0  |4 0  |7 7  |8 5  |a SNK  |b SNK  |d 2002-04-17  |i snkF 2696/70  |l 0  |o snkČSA 117/9/1938-39 D3  |p 17A1204945  |r 2005-01-02 00:00:00  |t č. 1-10, neúplné  |w 2026-02-21  |y PREZ  |z Chýba č. 5, 6, 9, 10 
952 |0 0  |1 0  |4 0  |7 0  |a SNK  |b SNK  |d 2002-04-17  |l 0  |o snkČSA 117/10/1939-40 D2  |p 17A0056475  |r 2005-01-02 00:00:00  |t č. 1-10  |w 2026-02-21  |y PREZ 
952 |0 0  |1 0  |4 0  |7 0  |8 5  |a SNK  |b SNK  |d 2002-04-17  |i snkXI. 3718/55  |l 0  |o snkČSA 117/10/1939-40 D1  |p 17A0245141  |r 2005-01-02 00:00:00  |t č. 1-10  |w 2026-02-21  |y PREZ 
952 |0 0  |1 0  |4 0  |7 7  |8 1  |a SNK  |b SNK  |d 2002-04-17  |i snkD 1829/61  |l 0  |o snkČSA 117/10/1939-40 D3  |p 17A0245616  |r 2005-01-02 00:00:00  |t č. 1-10  |w 2026-02-21  |y PREZ 
952 |0 0  |1 0  |4 0  |7 0  |8 5  |a SNK  |b SNK  |d 2002-04-17  |i snkXI. 3719/55  |l 0  |o snkČSA 117/11/1940-41 D1  |p 17A0087548  |r 2005-01-02 00:00:00  |t č. 1-10  |w 2026-02-21  |y PREZ 
952 |0 0  |1 0  |4 0  |7 7  |a SNK  |b SNK  |d 2002-04-17  |l 0  |o snkČSA 117/11/1940-41 D4  |p 17A0132764  |r 2005-01-02 00:00:00  |t č. 1-10  |w 2026-02-21  |y PREZ 
952 |0 0  |1 0  |4 0  |7 0  |8 1  |a SNK  |b SNK  |d 2002-04-17  |i snkD 1830/61  |l 0  |o snkČSA 117/11/1940-41 D3  |p 17A0255793  |r 2005-01-02 00:00:00  |t č. 1-10  |w 2026-02-21  |y PREZ 
952 |0 0  |1 0  |4 0  |7 0  |a SNK  |b SNK  |d 2002-04-17  |l 0  |o snkČSA 117/11/12/1940-42 D1  |p 17A0293032  |r 2005-01-02 00:00:00  |t č. 1-10  |w 2026-02-21  |y PREZ 
952 |0 0  |1 0  |4 0  |7 0  |a SNK  |b SNK  |d 2002-04-17  |f 1  |i snk 1522/42  |l 0  |o snkČSA 117/12/1941-42  |p 17A0105526  |r 2005-01-02 00:00:00  |t č. 1-10  |w 2026-02-21  |y PREZ 
952 |0 0  |1 0  |4 0  |7 0  |8 5  |a SNK  |b SNK  |d 2002-04-17  |i snkXI. 3720/55  |l 0  |o snkČSA 117/12/1941-42 D1  |p 17A0132432  |r 2005-01-02 00:00:00  |t č. 1-10  |w 2026-02-21  |y PREZ 
952 |0 0  |1 0  |4 0  |7 0  |8 5  |a SNK  |b SNK  |d 2002-04-17  |i snkF 1451/68  |l 0  |o snkČSA 117/13/1942-43 D3  |p 17A0188070  |r 2005-01-02 00:00:00  |t č. 1-10, neúplné  |w 2026-02-21  |y PREZ  |z Chýba č. 1 
952 |0 0  |1 0  |4 0  |7 7  |a SNK  |b SNK  |d 2002-04-17  |l 0  |o snkČSA 117/14/1943-44 D5  |p 17A0123567  |r 2005-01-02 00:00:00  |t č. 1-10  |w 2026-02-21  |y PREZ 
952 |0 0  |1 0  |4 0  |7 0  |a SNK  |b SNK  |d 2006-01-20  |l 0  |o snkČSA 117/9/1938-39 D2  |p 17A0056489  |r 2026-02-21 21:09:38  |t č. 1-10  |w 2026-02-21  |y PREZ 
952 |0 0  |1 0  |4 0  |7 0  |8 5  |a SNK  |b SNK  |d 2006-02-07  |f 1  |i snkF 227/68  |l 0  |o snkČSA 117/2/1931-32  |p 17A0495852  |r 2026-02-21 21:09:50  |t č. 1-10  |w 2026-02-21  |y PREZ 
952 |0 0  |1 0  |4 0  |7 7  |a SNK  |b SNK  |d 1997-02-27  |l 0  |o snkČSA 117/1/1930-31 D3  |p 17A0040898  |r 2005-01-02 00:00:00  |t č. 1-10  |w 2026-02-21  |y PREZ 
952 |0 0  |1 0  |4 0  |7 0  |a SNK  |b SNK  |d 1998-01-13  |i snkXI. 3700/55  |l 0  |o snkČSA 117/1/1930-31 D2  |p 17A0117575  |r 2005-01-02 00:00:00  |t č. 1-10  |w 2026-02-21  |y PREZ 
952 |0 0  |1 0  |4 0  |7 0  |8 5  |a SNK  |b SNK  |d 1998-04-27  |f 1  |i snkF 226/68  |l 0  |o snkČSA 117/1/1930-31  |p 17A0136447  |r 2005-01-02 00:00:00  |t č. 1-10  |w 2026-02-21  |y PREZ 
952 |0 0  |1 0  |4 0  |7 7  |a SNK  |b SNK  |d 1998-05-15  |i snkF 2692/70  |l 0  |o snkČSA 117/1/1930-31 D4  |p 17A0140062  |r 2005-01-02 00:00:00  |t č. 1-10  |w 2026-02-21  |y PREZ 
952 |0 0  |1 0  |4 0  |7 0  |a SNK  |b SNK  |d 2002-04-16  |i snkI. 966/38  |l 0  |o snkČSA 117/2/1931-32 D1  |p 17A0140277  |r 2005-01-02 00:00:00  |t č. 1-10  |w 2026-02-21  |y PREZ 
952 |0 0  |1 0  |4 0  |7 0  |8 5  |a SNK  |b SNK  |d 2002-04-16  |l 0  |o snkČSA 117/3/1932-33 D2  |p 17A0056477  |r 2005-01-02 00:00:00  |t č. 1-10  |w 2026-02-21  |y PREZ 
952 |0 0  |1 0  |4 0  |7 0  |a SNK  |b SNK  |d 2002-04-16  |f 1  |l 0  |o snkČSA 117/3/1932-33  |p 17A0294480  |r 2005-01-02 00:00:00  |t č. 1-10  |w 2026-02-21  |y PREZ 
952 |0 0  |1 0  |4 0  |7 7  |a SNK  |b SNK  |d 2002-04-16  |l 0  |o snkČSA 117/3/1932-33 D4  |p 17A0255353  |r 2005-01-02 00:00:00  |t č. 1-10  |w 2026-02-21  |y PREZ 
952 |0 0  |1 0  |4 0  |7 7  |a SNK  |b SNK  |d 2002-04-16  |l 0  |o snkČSA 117/3/1932-33 D5  |p 17A0306784  |r 2005-01-02 00:00:00  |t č. 1-10  |w 2026-02-21  |y PREZ 
952 |0 0  |1 0  |4 0  |7 1  |a SNK  |b SNK  |d 2002-04-16  |f 1  |i snk 1228/36  |l 0  |o snkČSA 117/4/1933-34  |p 17A0040916  |r 2005-01-02 00:00:00  |t č. 1-10  |w 2026-02-21  |y NEVYP 
952 |0 0  |1 0  |4 0  |7 0  |8 5  |a SNK  |b SNK  |d 2002-04-16  |i snkF 228/63  |l 0  |o snkČSA 117/4/1933-34 D1  |p 17A0301937  |r 2005-01-02 00:00:00  |t č. 1-10  |w 2026-02-21  |y PREZ 
952 |0 0  |1 0  |4 0  |7 0  |a SNK  |b SNK  |d 2002-04-16  |i snk 1229/36  |l 0  |o snkČSA 117/5/1934-35 D2  |p 17A0040632  |r 2005-01-02 00:00:00  |t č. 1-10  |w 2026-02-21  |y PREZ 
952 |0 0  |1 0  |4 0  |7 0  |8 5  |a SNK  |b SNK  |d 2002-04-16  |i snkXI. 3714/55  |l 0  |o snkČSA 117/5/1934-35 D1  |p 17A0245662  |r 2005-01-02 00:00:00  |t č. 1-10  |w 2026-02-21  |y PREZ 
952 |0 0  |1 0  |4 0  |7 0  |a SNK  |b SNK  |d 2002-04-16  |f 1  |i snkF 1895/70  |l 0  |o snkČSA 117/5/1934-35  |p 17A0245318  |r 2005-01-02 00:00:00  |t č. 1-10  |w 2026-02-21  |y PREZ 
952 |0 0  |1 0  |4 0  |7 7  |8 5  |a SNK  |b SNK  |d 2002-04-17  |i snk 500/38  |l 0  |o snkČSA 117/6/1935-36 D3  |p 17A0053616  |r 2005-01-02 00:00:00  |t č. 1-10  |w 2026-02-21  |y PREZ 
952 |0 0  |1 0  |4 0  |7 0  |8 1  |a SNK  |b SNK  |d 2010-08-24  |i snkD 1831/61  |l 0  |o snkČSA 117/12/1941-42 D2  |p 17A0668086  |r 2026-02-21 21:12:51  |t č. 1-10  |w 2026-02-21  |y PREZ 
952 |0 0  |1 0  |4 0  |7 7  |a SNK  |b SNK  |d 2005-02-09  |i snkV. 907/45  |l 0  |o snkČSA 117/8/1937-38 D3  |p 17A0351240  |r 2026-02-21 21:20:33  |t č. 1-10  |w 2026-02-21  |y PREZ 
952 |0 0  |1 0  |4 0  |7 0  |8 5  |a SNK  |b SNK  |d 2009-08-19  |i snkXI. 3724/55  |l 0  |o snkČSA 117/16/1946-47 D1  |p 17A0629532  |r 2026-02-21 21:41:27  |t č. 1-6  |w 2026-02-21  |y PREZ 
952 |0 0  |1 0  |4 0  |7 0  |8 5  |a SNK  |b SNK  |d 2002-04-17  |i snkXI. 3721/55  |l 0  |o snkČSA 117/13/1942-43 D2  |p 17A0132435  |r 2005-01-02 00:00:00  |t č. 1-10  |w 2026-02-21  |y PREZ 
952 |0 0  |1 0  |4 0  |7 0  |8 5  |a SNK  |b SNK  |d 2017-01-11  |f 1  |i snkF 856/79  |l 0  |o snkČSA 117/6/1935-36  |p 17A1203957  |r 2026-02-21 21:47:55  |t č. 1-10  |w 2026-02-21  |y PREZ 
952 |0 0  |1 0  |4 0  |7 7  |8 5  |a SNK  |b SNK  |d 2017-01-19  |i snkF 2693/70  |l 0  |o snkČSA 117/2/1931-32 D4  |p 17A1203951  |r 2026-02-21 21:48:01  |t č. 1-10  |w 2026-02-21  |y PREZ 
952 |0 0  |1 0  |4 0  |7 7  |a SNK  |b SNK  |d 2017-01-19  |i snk 1538/34  |l 0  |o snkČSA 117/2/1931-32 D5  |p 17A1203950  |r 2026-02-21 21:48:01  |t č. 1-10  |w 2026-02-21  |y PREZ 
952 |0 0  |1 0  |4 0  |7 0  |8 5  |a SNK  |b SNK  |d 2017-01-18  |f 1  |i snkF 856/76  |l 0  |o snkČSA 117/15/1946  |p 17A1203952  |r 2026-02-21 21:48:06  |t č. 1-10  |w 2026-02-21  |y PREZ 
952 |0 0  |1 0  |4 0  |7 7  |a SNK  |b SNK  |d 2017-02-06  |l 0  |o snkČSA 117/7/1936-37 D4  |p 17A1204946  |r 2026-02-21 21:55:15  |t č. 1-10  |w 2026-02-21  |y PREZ 
952 |0 0  |1 0  |4 0  |7 0  |a SNK  |b SNK  |d 2017-02-07  |l 0  |o snkČSA 117/9/10/1938-40 D1  |p 17A1204944  |r 2026-02-21 21:55:22  |t č. 1-10  |w 2026-02-21  |y PREZ 
952 |0 0  |1 0  |4 0  |7 7  |a SNK  |b SNK  |d 2017-02-07  |l 0  |o snkČSA 117/7/8/1936-38 D1  |p 17A1204943  |r 2026-02-21 21:55:22  |t č. 1-10  |w 2026-02-21  |y PREZ 
952 |0 0  |1 0  |4 0  |7 7  |a SNK  |b SNK  |d 2017-02-07  |i snkF 2695/70  |l 0  |o snkČSA 117/7/1936-37 D5  |p 17A1204942  |r 2026-02-21 21:55:22  |t č. 1-10, neúplné  |w 2026-02-21  |y PREZ  |z Chýba č. 3-7, 9, 10 
952 |0 0  |1 0  |4 0  |7 0  |a SNK  |b SNK  |d 2017-02-07  |i snkXI. 3715/55  |l 0  |o snkČSA 117/6/1935-36 D1  |p 17A1204941  |r 2026-02-21 21:55:22  |t č. 1-10  |w 2026-02-21  |y PREZ 
952 |0 0  |1 0  |4 0  |7 7  |a SNK  |b SNK  |d 2017-02-07  |l 0  |o snkČSA 117/5/6/1934-36 D1  |p 17A1204940  |r 2026-02-21 21:55:22  |t č. 1-10  |w 2026-02-21  |y PREZ 
952 |0 0  |1 0  |4 0  |7 7  |a SNK  |b SNK  |d 2016-02-25  |l 0  |o snkČSA 117/3/1932-33 D3  |r 2026-02-21 22:02:32  |t č. 1-10  |w 2026-02-21  |y PREZ 
952 |0 0  |1 0  |4 0  |7 0  |8 5  |a SNK  |b SNK  |d 2016-02-25  |i snkF 214/68  |l 0  |o snkČSA 117/7/1936-37 D1  |p 17A1149890  |r 2026-02-21 22:02:32  |t č. 1-10  |w 2026-02-21  |y PREZ 
952 |0 0  |1 0  |4 0  |7 7  |8 5  |a SNK  |b SNK  |d 2016-11-30  |i snkXI. 3713/55  |l 0  |o snkČSA 117/4/1933-34 D3  |p 17A0671412  |r 2026-02-21 22:24:33  |t č. 1-10  |w 2026-02-21  |y PREZ